Environmental challenges of european freshwater aquaculture and possible answers to be given [abstract] /

Elmentve itt :
Bibliográfiai részletek
Szerző: Halasi-Kovács Béla
Testületi szerző: 21th Wellmann International Scientific Conference
Dokumentumtípus: Könyv része
Megjelent: Szegedi Tudományegyetem Mezőgazdasági Kar Hódmezővásárhely 2024
Sorozat:Wellmann International Scientific Conference 21
Kulcsszavak:Halgazdálkodás - előadáskivonat, Hidrobiológia - előadáskivonat
Tárgyszavak:
Online Access:http://acta.bibl.u-szeged.hu/89625
LEADER 01016naa a2200217 i 4500
001 acta89625
005 20260226132755.0
008 260226s2024 hu o 100 eng d
020 |a 978-963-306-980-6 
040 |a SZTE Egyetemi Kiadványok Repozitórium  |b hun 
041 |a eng 
100 2 |a Halasi-Kovács Béla 
245 1 0 |a Environmental challenges of european freshwater aquaculture and possible answers to be given   |h [elektronikus dokumentum] :  |b [abstract] /  |c  Halasi-Kovács Béla 
260 |a Szegedi Tudományegyetem Mezőgazdasági Kar  |b Hódmezővásárhely  |c 2024 
300 |a 9-10 
490 0 |a Wellmann International Scientific Conference  |v 21 
650 4 |a Természettudományok 
650 4 |a Biológiai tudományok 
695 |a Halgazdálkodás - előadáskivonat, Hidrobiológia - előadáskivonat 
711 |a 21th Wellmann International Scientific Conference  |c Hódmezővásárhely  |d 2024. április 18. 
856 4 0 |u http://acta.bibl.u-szeged.hu/89625/1/wellmann_abstracts_2024_009-010.pdf  |z Dokumentum-elérés